000 01015cam a22003254a 4500
001 454875
003 GBCCL
005 20241126110333.0
008 150623r19752000maub b 001 0 eng d
020 _a13: 9780060649524
020 _a10: 0060649526
035 _a(OCoLC)ocn911396757
035 _a(OCoLC)911396757
040 _aLBB
_cLBB
049 _aLBBA
_v1-2
_c1-2
082 _223
_a270
_bLAT
100 1 _aLatourette, Kenneth Scott,
_d1884-1968.
_9118
245 1 2 _aA history of Christianity /
_cKenneth Scott Latourette.
250 _aRev. ed.
260 _aNew York :
_bHarperCollins,
_c1975.
300 _a1 volume :
_bmaps ;
_c21 cm
336 _atext
_btxt
_2rdacontent
337 _aunmediated
_bn
_2rdamedia
338 _avolume
_bnc
_2rdacarrier
504 _aIncludes bibliographical references and index.
505 0 _aV.1 Beginnings to 1500 -- V.2 Reformation to the present.
650 0 _aChurch history.
_9117
650 7 _aChurch history.
_2fast
_0(OCoLC)fst00860740
_9117
942 _2ddc
_cBK
999 _c243
_d243